| 000 | 00636nam a2200181 a 4500 | ||
|---|---|---|---|
| 005 | 20210223130805.0 | ||
| 008 | 081107s1999 mx r 000 0 spa d | ||
| 035 | _aUPN01000165520 | ||
| 049 | _aUNE | ||
| 080 | _a376.7 (7/8) "1999" JAC. | ||
| 100 | 1 |
_aJacinto, Claudia _928925 |
|
| 245 | 1 | 0 |
_aProgramas de educación para jóvenes desfavorecidos : _bEnfoques y tendencias en América Latina / _cClaudia Jacinto. |
| 260 |
_aParís : _bUNESCO; _bIIEP, _c1999. |
||
| 300 | _a222 p. | ||
| 440 | 0 | _aEstrategias de educación y de formación para los grupos des | |
| 690 | _aDesfavorecidos educacionales- America Latina | ||
| 905 | _aUNESCO | ||
| 999 |
_c137632 _d137632 |
||